00323 a2200109 4500020001500000082001600015100001800031245005400049260005100103300003400154650002500188 a8176487740 a363.728 KUM aKumar, Arvind aIndustrial Pollution and ManagementcArvind Kumar aNew Delhi :bAPH Publishing Corporation,c2004 axii, 381p. :bill ., ;c25 cm aIndustrial Pollution